| 000 | 00412pab a2200157 454500 | ||
|---|---|---|---|
| 008 | 180718b2014 xxu||||| |||| 00| 0 eng d | ||
| 100 | _aCollis, Brian K. | ||
| 245 | _aCredit and credibility: State government bond ratings, 1975-2002 | ||
| 260 | _c2014 | ||
| 300 | _aP.112-127. | ||
| 362 | _aJan | ||
| 650 | _aCredit | ||
| 773 | _aAmerican Review of Public Administration | ||
| 908 | _aN | ||
| 909 | _a103944 | ||
| 999 |
_c103940 _d103940 |
||